| 000 | 00475nam a22001217a 4500 | ||
|---|---|---|---|
| 082 | _a330.9549105 SBP | ||
| 100 | _aState Bank of Pakistan | ||
| 245 |
_aThe state of Pakistan's economy _bfirst quarterly report for the year 2010-2011 of the central board of State Bank of Pakistan _cState Bank of Pakistan |
||
| 260 |
_aKarachi _bPublication Division State Bank of Pakistan _c2011 |
||
| 300 | _a106p | ||
| 942 |
_2ddc _cBK |
||
| 999 |
_c587796 _d587796 |
||